000 00716nam a2200253Ia 4500
003 OSt
005 20220918222333.0
006 a|||||r|||| 00| 0
007 ta
008 220917b |||||||| |||| 00| 0 eng d
024 _a216,474
037 _cTextual
040 _aARTS
_cARTS
_beng
041 _2eng
_aeng
082 _aV2,4:91.N9, P2
100 _aJana Arun K. Ed.
_9142834
245 0 _aClass, ideology and political parties in India
260 _aNew Delhi
_bsouth Asia pub.
_c2002
300 _axiv, 318p
_ccm.
650 _aHISTORY
700 _a Sarmah Bhupen Ed.
_9142835
942 _hV2,4:91.N9, P2
_cTEXL
_2CC
999 _c275212
_d275212